000 02041cam a22005174i 4500
003 PE-LiUPU
005 20250731165648.0
008 150616s r 000 0 d
020 _a0891309187
035 _a(Sirsi) i9780891309185
040 _aPE-LiUPU
_bspa
_cPE-LiUPU
_erda
049 _aPRUA
082 0 4 _a221.07
_bHS
_221
100 1 _aNewsom, Carol,
_eautor.
245 1 0 _aSongs of the Sabbath Sacrifice: A Critical Edition.
_n27.
264 1 _aAtlanta, Georgia :
_bScholars Press,
_c1985.
300 _a476 páginas :
_bil ;
_c31 centímetros
336 _atext
_2rdacontent
337 _aunmediated
_2rdamedia
338 _avolume
_2rdacarrier
490 0 _aHarvard Semitic Studies ;
_v27
504 _aBibliografía: páginas 469-476.
505 0 _aIntroduction.- 4Q400: text and commentary.- 4Q401: text and commentary.- 4Q402: text and commentary.- Masada shirshabb: text and commentary.- 4Q403: text and commentary.- 4Q404: text and commentary.- 4Q405: text and commentary.- 4Q406: text and commentary.- 4Q407: text and commentary.- 11QShirshabb: Text and commentary.- Concordance.
526 _aSEG44
526 _aSEG26
526 _aP151
526 _aP150
526 _aP149
526 _aP146
526 _aP145
526 _aP126
526 _aP125
526 _aP92
526 _aP75
526 _aP74
526 _aP27
526 _aP15
650 0 4 _aHIMNOS JUDIOS.
910 _ajck
_bjvq
_cjck
942 _2ddc
_cBOOK
949 _aRC 221.07 HS 27
_wDEWEY
_c1
_i42948
_lCCODEBUL1
_mBUL
_r0
_sY
_tBOOK
_u2015-6-16
_xTEOLOGIA
_zUNKNOWN
_0COMPRA
_o.CIRCNOTE. No olvidar cambiar la fecha de devolución!!!!!!!
_o.STAFF. Colección General
994 _aC0
_bPEPRU
596 _a1
999 _aRC 221.07 HS 27
_wDEWEY
_c60916
_i42948
_f2021-11-8
_g6
_lCCODEBUL1
_mBUL
_r1
_sY
_tBOOK
_u2015-6-16
_xTEOLOGIA
_zUNKNOWN
_0COMPRA
_o.CIRCNOTE. No olvidar cambiar la fecha de devolución!!!!!!!
_o.STAFF. Colección General
_d60916
980 _81
_gALBERTO SANCHEZ Responsable de Automatización